| 000 | 00413cam a22001337a 4500 | ||
|---|---|---|---|
| 008 | 180718b1893 xxu||||| |||| 00| 0 eng d | ||
| 082 | _aA6x54 R861/H279R | ||
| 100 | _aRoss-Of-Bladensburg | ||
| 245 |
_aMarquess of hastings _cby Ross-Of-Bladensburg |
||
| 260 |
_aOxford _bClarendon Press _c1893 |
||
| 300 | _a226p. | ||
| 440 | _aRulers of India | ||
| 650 | _aHastings, Francis Rawdon-Hastings, Marquess of, 1754-1826 | ||
| 999 |
_c438147 _d438147 |
||